000
00293nam a22001337a 4500
008
181018b xxu||||| |||| 00| 0 eng d
020
_a
178084
041
_a
eng
080
_a
070
100
_a
40
101
_a
MED
245
_a
A Pocket Guide to Public Speaking
_c
Hair, D
942
_2
udc
_c
BK
999
_c
50154
_d
50154